000 00258nam a22001097a 4500
008 240625b |||||||| |||| 00| 0 eng d
100 _aSudhirchandra, Sarkar
_915897
245 _aKatha Guccha
260 _bM.C. Sarkar
_c1965.
300 _a668p.
942 _cBK
999 _c39672
_d39672